000 00866nam a2200277 i 4500
003 DO-SdBNP
005 20240828092315.0
007 ta
008 240828b1977 mx ||||| |||| 00| 0 spa d
020 _a968409213X
040 _aBNPHU
_bspa
_cBNPHU
_erda
082 4 _222
100 _aCobos Z., Guillermo,
_eautor
_986451
245 1 0 _aHipnosis :
_bcurso abreviado de hipnología /
_cGuillermo Cobos Z.
250 _aTercera edición
264 _aMéxico :
_bEditores Asociados Mexicanos, S.A.,
_c1988.
300 _a76 páginas ;
_c20 cm.
336 _2rdacontent
_atexto
_btxt
337 _2rdamedia
_asin mediación
_bn
338 _2rdacarrier
_avolumen
_bnc
500 _aIncluye datos biográficos del autor en la contracubierta
504 _aBibliografía : páginas 75-76
590 _aInventariado, 2024/BT
910 _aBtavárez
942 _2ddc
_cLBS1
999 _c57568
_d57568